[Event "World Championship Candidates (Women)"]
[Site "Toronto CAN"]
[Date "2024.04.13"]
[EventDate "2024.04.04"]
[Round "8.1"]
[Result "0-1"]
[White "Zhongyi Tan"]
[Black "Tingjie Lei"]
[WhiteElo "2521"]
[BlackElo "2550"]
[PlyCount "102"]

1. d4 d5 2. Nf3 Nf6 3. Bf4 c5 4. e3 Nc6 5. Nbd2 Bg4 6. c3 e6 7. Qb3 Qc8 8.
h3 Bh5 9. Nh4 Be7 10. g4 Bg6 11. Nxg6 hxg6 12. Be2 a6 13. h4 b5 14. h5 c4
15. Qd1 Qd8 16. Rg1 gxh5 17. gxh5 Bd6 18. Bg5 Be7 19. Bf4 Bd6 20. Bg5 Be7
21. f4 Rb8 22. a3 a5 23. Bh4 Kf8 24. Bg3 Bd6 25. Bh4 Ne7 26. Bxf6 gxf6 27.
Bf1 b4 28. axb4 axb4 29. Bh3 f5 30. Qf3 Bc7 31. Ke2 Ng8 32. Qg3 Nf6 33. h6
Ke7 34. Qg5 Qf8 35. Ra7 Rc8 36. Bg2 Rxh6 37. Nf3 Rh5 38. Qg3 Ne4 39. Qe1
bxc3 40. bxc3 Qg7 41. Bf1 Qh8 42. Qa1 Kf6 43. Rg2 Rh3 44. Ne5 Qh5+ 45. Ke1
Rxe3+ 46. Re2 Qh4+ 47. Kd1 Rxe2 48. Bxe2 Qxf4 49. Qb2 Rh8 50. Bf3 Rh2 51.
Qc1 0-1

[Event "World Championship Candidates (Women)"]
[Site "Toronto CAN"]
[Date "2024.04.13"]
[EventDate "2024.04.04"]
[Round "8.2"]
[Result "1-0"]
[White "Humpy Koneru"]
[Black "Rameshbabu Vaishali"]
[WhiteElo "2546"]
[BlackElo "2475"]
[PlyCount "126"]

1. d4 Nf6 2. c4 g6 3. Nc3 d5 4. Qb3 dxc4 5. Qxc4 Bg7 6. e4 O-O 7. Bf4 c6 8.
Nf3 Bg4 9. Be2 Nfd7 10. Rd1 Na6 11. O-O Bxf3 12. Bxf3 e5 13. dxe5 Qe8 14.
e6 Nb6 15. Qb3 Nc5 16. Qc2 Nxe6 17. Bd6 Nd4 18. Qd3 Nd7 19. Qe3 c5 20. Be2
Qe6 21. Bxf8 Rxf8 22. b3 a6 23. Bc4 Qe7 24. Ne2 b5 25. Bd3 Nb6 26. b4 Na4
27. bxc5 Qxc5 28. Rc1 Nxe2+ 29. Bxe2 Qxe3 30. fxe3 Nc3 31. Rc2 Be5 32. Rd2
Rc8 33. Bd1 Rc7 34. Rd8+ Kg7 35. Re8 Bd6 36. Bb3 Bc5 37. Rf3 a5 38. Kf1 a4
39. Bd5 b4 40. Ra8 Bd6 41. Ra6 Be5 42. g4 Bxh2 43. Raf6 Nxd5 44. exd5 Rb7
45. Kg2 Be5 46. Ra6 b3 47. axb3 axb3 48. Rf1 b2 49. Rb1 Kf8 50. Kf3 Ke7 51.
g5 Rb4 52. Ra7+ Ke8 53. e4 Kf8 54. Ra3 Kg7 55. Rd3 Rc4 56. d6 Rc8 57. Rd5
Bc3 58. e5 Kf8 59. Ke4 Ra8 60. Kd3 Ra3 61. Kc2 Ke8 62. Rd3 Bb4 63. Rxb2 1-0

[Event "World Championship Candidates (Women)"]
[Site "Toronto CAN"]
[Date "2024.04.13"]
[EventDate "2024.04.04"]
[Round "8.3"]
[Result "1/2-1/2"]
[White "Kateryna Lagno"]
[Black "Aleksandra Goryachkina"]
[WhiteElo "2542"]
[BlackElo "2553"]
[PlyCount "68"]

1. e4 e5 2. Nf3 Nc6 3. Bb5 a6 4. Ba4 Nf6 5. O-O b5 6. Bb3 Bc5 7. a4 Rb8 8.
axb5 axb5 9. Nxe5 Nxe5 10. d4 Bxd4 11. Qxd4 d6 12. f4 Nc6 13. Qd3 O-O 14.
Nc3 Nb4 15. Qd2 Be6 16. Bxe6 fxe6 17. Ne2 Nc6 18. Ng3 Qd7 19. b3 e5 20. Bb2
Rbe8 21. Rf3 Qe6 22. Re1 exf4 23. Rxf4 Ne5 24. Rf5 Nfd7 25. Ref1 g6 26.
Rxf8+ Rxf8 27. Rxf8+ Nxf8 28. h3 Nfd7 29. Ne2 Nf6 30. Nf4 Qf7 31. Qb4 Nfg4
32. Qd2 Nf6 33. Qb4 Nfg4 34. Qd2 Nf6 1/2-1/2

[Event "World Championship Candidates (Women)"]
[Site "Toronto CAN"]
[Date "2024.04.14"]
[EventDate "2024.04.04"]
[Round "9.2"]
[Result "1/2-1/2"]
[White "Humpy Koneru"]
[Black "Kateryna Lagno"]
[WhiteElo "2546"]
[BlackElo "2542"]
[PlyCount "114"]

1. d4 Nf6 2. c4 e6 3. Nf3 d5 4. Nc3 Bb4 5. a3 Bxc3+ 6. bxc3 c5 7. a4 Ne4 8.
e3 Nxc3 9. Qc2 Ne4 10. cxd5 exd5 11. Bb5+ Nc6 12. dxc5 O-O 13. O-O Nb4 14.
Qb1 a6 15. Qxb4 axb5 16. Qxb5 Ra5 17. Qb4 Rxc5 18. Ba3 Re8 19. Rfc1 b6 20.
Qd4 Ra5 21. Bb4 Ra6 22. Ne5 Bb7 23. f3 Ng5 24. Qf4 f6 25. Nc6 Bxc6 26. Rxc6
Qa8 27. Rac1 Rxa4 28. Qf5 Ra1 29. Qxd5+ Nf7 30. Qb3 Qxc6 31. Rxa1 Rc8 32.
Rd1 b5 33. Rd4 Qc1+ 34. Kf2 h5 35. Rd2 Rc4 36. Rd1 Rc2+ 37. Ke1 Qb2 38.
Qxb2 Rxb2 39. Bd2 Ne5 40. Bc3 Rxg2 41. Rd8+ Kf7 42. Bxe5 fxe5 43. Rd5 b4
44. Rb5 Rxh2 45. Rxb4 Kf6 46. Kf1 g5 47. Rb8 g4 48. fxg4 hxg4 49. Rf8+ Ke6
50. e4 Rh6 51. Rg8 Rf6+ 52. Ke2 Rf4 53. Ke3 Kf6 54. Kd3 Kf7 55. Rg5 Ke6 56.
Rg6+ Ke7 57. Ke3 Kd7 1/2-1/2

[Event "World Championship Candidates (Women)"]
[Site "Toronto CAN"]
[Date "2024.04.14"]
[EventDate "2024.04.04"]
[Round "9.4"]
[Result "1/2-1/2"]
[White "Anna Muzychuk"]
[Black "Aleksandra Goryachkina"]
[WhiteElo "2520"]
[BlackElo "2553"]
[PlyCount "90"]

1. e4 e5 2. Nf3 Nc6 3. Bb5 Nf6 4. O-O Nxe4 5. Re1 Nd6 6. Nxe5 Be7 7. Bf1
Nxe5 8. Rxe5 O-O 9. d4 Bf6 10. Re1 Re8 11. Nc3 Rxe1 12. Qxe1 Bxd4 13. Bf4
Ne8 14. Nd5 d6 15. Bg5 f6 16. Be3 Be5 17. f4 Bxb2 18. Rb1 Ba3 19. Qa5 Be6
20. Bc4 c6 21. Qxd8 Rxd8 22. Nxf6+ Kf7 23. Bxe6+ Kxf6 24. Bg8 Bc5 25. Bxc5
dxc5 26. Bxh7 Nd6 27. g4 g6 28. Re1 Nf7 29. g5+ Kg7 30. Re7 Rf8 31. Rxb7
Kxh7 32. Rxa7 Kg8 33. Rc7 Ra8 34. Rxc6 Kg7 35. Rxc5 Nd6 36. Rc7+ Kf8 37.
Kf2 Rxa2 38. Kf3 Ra3+ 39. c3 Nb5 40. Rc8+ Kf7 41. Kg4 Rxc3 42. Rxc3 Nxc3
43. f5 Nd5 44. fxg6+ Kxg6 45. h4 1/2-1/2

[Event "World Championship Candidates (Women)"]
[Site "Toronto CAN"]
[Date "2024.04.14"]
[EventDate "2024.04.04"]
[Round "9.3"]
[Result "0-1"]
[White "Rameshbabu Vaishali"]
[Black "Zhongyi Tan"]
[WhiteElo "2475"]
[BlackElo "2521"]
[PlyCount "42"]

1. e4 c5 2. c3 e6 3. d4 d5 4. exd5 exd5 5. Nf3 a6 6. Bd3 c4 7. Bc2 Bd6 8.
O-O Ne7 9. b3 cxb3 10. axb3 O-O 11. Ng5 g6 12. Qf3 Qc7 13. h4 Nbc6 14. Ba3
Kg7 15. Re1 h5 16. c4 f6 17. Bxd6 Qxd6 18. c5 Qc7 19. Nh3 Nxd4 20. Qe3 Nxc2
21. Qxe7+ Rf7 0-1

[Event "World Championship Candidates (Women)"]
[Site "Toronto CAN"]
[Date "2024.04.14"]
[EventDate "2024.04.04"]
[Round "9.1"]
[Result "1/2-1/2"]
[White "Tingjie Lei"]
[Black "Nurgyul Salimova"]
[WhiteElo "2550"]
[BlackElo "2432"]
[PlyCount "72"]

1. e4 d6 2. d4 Nf6 3. Nc3 e5 4. Nf3 Nbd7 5. Rg1 c6 6. g4 h6 7. h4 exd4 8.
Qxd4 Nc5 9. e5 Ne6 10. Qd3 Nd7 11. exd6 Ndc5 12. Qe2 Bxd6 13. Be3 Be7 14.
g5 hxg5 15. hxg5 Qd6 16. Bd2 Nf4 17. Qe5 Ng6 18. Qxd6 Bxd6 19. O-O-O Be6
20. Be3 Bf4 21. Bxf4 Nxf4 22. b4 Nd7 23. Nd4 O-O-O 24. g6 fxg6 25. Nxe6
Nxe6 26. Rxg6 Ndf8 27. Rg1 Rh4 28. a3 Rxd1+ 29. Kxd1 Rf4 30. Bh3 Kc7 31.
Ke2 Rc4 32. Kd2 Rd4+ 33. Ke3 Rc4 34. Kd2 Rd4+ 35. Ke3 Rc4 36. Kd2 Rd4+
1/2-1/2

[Event "World Championship Candidates (Women)"]
[Site "Toronto CAN"]
[Date "2024.04.15"]
[EventDate "2024.04.04"]
[Round "10.1"]
[Result "1/2-1/2"]
[White "Zhongyi Tan"]
[Black "Humpy Koneru"]
[WhiteElo "2521"]
[BlackElo "2546"]
[PlyCount "144"]

1. e4 e5 2. Nf3 Nc6 3. d4 exd4 4. Nxd4 Bc5 5. Nb3 Bb6 6. Nc3 Qf6 7. Qe2
Nge7 8. Be3 d6 9. O-O-O Bd7 10. Qd2 O-O-O 11. Nd5 Bxe3 12. Qxe3 Qe5 13. Bc4
Rhe8 14. f4 Qh5 15. h3 f5 16. e5 Nxd5 17. Bxd5 Qh6 18. Kb1 Rxe5 19. Qf3 Re7
20. Nd4 Rde8 21. Nxc6 bxc6 22. Bxc6 Bxc6 23. Qxc6 Qxf4 24. Qa6+ Kd8 25.
Qxa7 Re2 26. Qb8+ Kd7 27. Qb5+ Kc8 28. Qa6+ Kd8 29. Qa5 R8e4 30. g4 Qe5 31.
Qa8+ Kd7 32. gxf5 Rc4 33. Qd5 Qxd5 34. Rxd5 Rcxc2 35. Rb5 Rg2 36. a4 Rc4
37. a5 Kc6 38. Rb8 Ra4 39. Rc1+ Kd5 40. Rxc7 Rxa5 41. Rg8 Rb5 42. Rc2 Rxc2
43. Kxc2 Rb7 44. Kc3 Ke5 45. b4 d5 46. Rd8 Ke4 47. Rd6 Rc7+ 48. Kd2 Ke5 49.
Rb6 Kxf5 50. Kd3 Ke5 51. Rb8 Rc4 52. b5 Kd6 53. Rb7 Rh4 54. Rxg7 Rxh3+ 55.
Kd4 Rh4+ 56. Kc3 Kc5 57. Rb7 h5 58. b6 Kc6 59. Rb8 Rc4+ 60. Kd3 Rb4 61. Rh8
h4 62. Rh6+ Kc5 63. b7 Rb3+ 64. Kc2 Rxb7 65. Rxh4 d4 66. Rh8 Re7 67. Kd3
Re3+ 68. Kd2 Rg3 69. Rc8+ Kd5 70. Rd8+ Kc4 71. Rc8+ Kd5 72. Rd8+ Kc4
1/2-1/2

[Event "World Championship Candidates (Women)"]
[Site "Toronto CAN"]
[Date "2024.04.15"]
[EventDate "2024.04.04"]
[Round "10.2"]
[Result "1/2-1/2"]
[White "Kateryna Lagno"]
[Black "Anna Muzychuk"]
[WhiteElo "2542"]
[BlackElo "2520"]
[PlyCount "120"]

1. e4 e5 2. Nf3 Nc6 3. Bb5 a6 4. Ba4 Nf6 5. O-O Nxe4 6. d4 b5 7. Bb3 d5 8.
dxe5 Be6 9. c3 Be7 10. Bc2 Bg4 11. a4 b4 12. h3 Bh5 13. Bb3 Nxe5 14. Bxd5
Bxf3 15. gxf3 Nc5 16. f4 c6 17. Bg2 Qxd1 18. Rxd1 Rd8 19. Rxd8+ Kxd8 20.
cxb4 Nb3 21. Ra3 Nxc1 22. fxe5 Bxb4 23. Re3 Ke7 24. Bxc6 Rd8 25. Nc3 Bxc3
26. bxc3 Rd3 27. Rxd3 Nxd3 28. a5 Nxe5 29. Bb7 Nc4 30. Bxa6 Nxa5 31. Kf1
Kd6 32. Bd3 h6 33. Ke2 Ke5 34. Ke3 g5 35. Bb5 f5 36. Be2 Nb3 37. Bc4 Nc5
38. Bf7 Ne4 39. c4 Nc5 40. Kf3 Nd3 41. Ke3 Nf4 42. c5 Nxh3 43. c6 Kd6 44.
Bg6 Kxc6 45. Bxf5 Nf4 46. Ke4 Kd6 47. Bc8 Ke7 48. Kf5 Kf7 49. Bb7 Kg7 50.
Ba6 Nh3 51. f3 Nf4 52. Bc4 Ng2 53. Bb5 Nh4+ 54. Kg4 Ng6 55. Kf5 Nh4+ 56.
Kg4 Ng2 57. Kf5 Ne3+ 58. Ke4 Nc2 59. Be8 Kf6 60. Bh5 1/2-1/2

[Event "World Championship Candidates (Women)"]
[Site "Toronto CAN"]
[Date "2024.04.15"]
[EventDate "2024.04.04"]
[Round "10.4"]
[Result "0-1"]
[White "Nurgyul Salimova"]
[Black "Rameshbabu Vaishali"]
[WhiteElo "2432"]
[BlackElo "2475"]
[PlyCount "176"]

1. d4 Nf6 2. c4 g6 3. Nc3 d5 4. Nf3 Bg7 5. h4 O-O 6. cxd5 Nxd5 7. h5 c5 8.
hxg6 hxg6 9. Bh6 Bxh6 10. Rxh6 Nxc3 11. bxc3 Kg7 12. Qd2 cxd4 13. Rh4 Rh8
14. Rxh8 Qxh8 15. cxd4 Nd7 16. e4 Nf6 17. Qf4 Bd7 18. Ng5 Rf8 19. Rb1 b6
20. f3 Qh6 21. Rc1 Nh7 22. Nh3 Bxh3 23. Qxh6+ Kxh6 24. gxh3 Ng5 25. Kf2 Ne6
26. Ke3 Rd8 27. d5 Nc5 28. Bc4 e5 29. a4 a5 30. Bb5 f5 31. Rd1 Kg5 32. Bc6
Kf6 33. h4 Rh8 34. d6 f4+ 35. Kf2 Ne6 36. Rd5 Rc8 37. Bb5 Rc2+ 38. Kf1 Rc1+
39. Kg2 Nd8 40. d7 Ke6 41. Rd2 Ke7 42. Kh2 Rc5 43. Rg2 Kf7 44. h5 gxh5 45.
Rg5 Ke7 46. Rxh5 Nc6 47. Rh7+ Kd8 48. Kh3 Kc7 49. Kg4 Nd8 50. Kf5 Rc3 51.
Kxe5 Rxf3 52. Rh1 Nb7 53. Kf6 Re3 54. e5 Nc5 55. Rh7 f3 56. Re7 f2 57. Kf7
Rh3 58. e6 Nb7 59. d8=Q+ Kxd8 60. Rd7+ Kc8 61. Rd1 Rf3+ 62. Kg6 Re3 63. Kf6
Rf3+ 64. Kg5 Re3 65. Kf6 Rf3+ 66. Ke7 Nc5 67. Kd6 Re3 68. Bd7+ Nxd7 69.
exd7+ Kd8 70. Rf1 Re2 71. Kc6 Re6+ 72. Kd5 Rf6 73. Ke5 Rf7 74. Ke6 Re7+ 75.
Kd6 Rxd7+ 76. Kc6 Rf7 77. Kxb6 Rf5 78. Kc6 Ke7 79. Kb6 Kd6 80. Ka6 Kc6 81.
Rc1+ Rc5 82. Rf1 Rf5 83. Rc1+ Kd5 84. Rf1 Kc4 85. Kb6 Kd3 86. Rxf2 Rxf2 87.
Kxa5 Kc4 88. Kb6 Kb4 0-1

[Event "World Championship Candidates (Women)"]
[Site "Toronto CAN"]
[Date "2024.04.17"]
[EventDate "2024.04.04"]
[Round "11.1"]
[Result "1/2-1/2"]
[White "Tingjie Lei"]
[Black "Anna Muzychuk"]
[WhiteElo "2550"]
[BlackElo "2520"]
[PlyCount "106"]

1. e4 e5 2. Nf3 Nc6 3. Bc4 Bc5 4. d3 Nf6 5. O-O d6 6. c3 a5 7. Nbd2 O-O 8.
Re1 Be6 9. Bb5 Qb8 10. Nf1 Qa7 11. Re2 a4 12. h3 Qa5 13. Bxc6 bxc6 14. Ng5
Bb6 15. Ng3 h6 16. Nf3 Rfd8 17. Bd2 Qa6 18. Qc1 Qxd3 19. Bxh6 gxh6 20. Qxh6
Ne8 21. Rd2 Qc4 22. Nxe5 dxe5 23. Rxd8 Rxd8 24. Qg5+ Kf8 25. Qxd8 a3 26.
Qd2 axb2 27. Qxb2 Qd3 28. Kh2 Nd6 29. Re1 Nb5 30. c4 Qc3 31. Qe2 Bxc4 32.
Qg4 Nd6 33. Qg5 Qxe1 34. Nf5 Nxf5 35. Qd8+ Kg7 36. Qg5+ Kf8 37. Qd8+ Kg7
38. Qg5+ Kh8 39. exf5 f6 40. Qxf6+ Kg8 41. Qg6+ Kf8 42. Qf6+ Bf7 43. Qd8+
Be8 44. Qf6+ Kg8 45. Qe7 Bh5 46. Qg5+ Kf8 47. Qf6+ Ke8 48. Qxc6+ Kd8 49.
Qd5+ Kc8 50. Qa8+ Kd7 51. Qd5+ Kc8 52. Qa8+ Kd7 53. Qd5+ 1/2-1/2

[Event "World Championship Candidates (Women)"]
[Site "Toronto CAN"]
[Date "2024.04.17"]
[EventDate "2024.04.04"]
[Round "11.2"]
[Result "1-0"]
[White "Zhongyi Tan"]
[Black "Kateryna Lagno"]
[WhiteElo "2521"]
[BlackElo "2542"]
[PlyCount "94"]

1. Nf3 d5 2. g3 Nf6 3. Bg2 e6 4. O-O Be7 5. d4 O-O 6. Nbd2 c5 7. dxc5 Bxc5
8. c4 Nc6 9. e3 b6 10. b3 Bb7 11. Bb2 dxc4 12. Nxc4 Qe7 13. Ng5 e5 14. Ne4
Nxe4 15. Bxe4 Rad8 16. Qf3 f5 17. Bd5+ Kh8 18. Bxc6 e4 19. Qf4 Bxc6 20.
Rfd1 Bd5 21. Ne5 Kg8 22. h4 Qe6 23. Nc4 Be7 24. Rac1 h6 25. Qc7 b5 26. Ne5
Bf6 27. Rc5 Rfe8 28. Rxb5 Bxb3 29. Rxd8 Bxd8 30. Qxa7 Bd1 31. Nc6 Bf6 32.
Bxf6 Qxf6 33. Qd7 Bh5 34. Rxf5 Qa1+ 35. Kh2 Qxa2 36. g4 Bg6 37. h5 Bxf5 38.
Qxe8+ Kh7 39. Kg3 Be6 40. Nd4 Bd5 41. Qe5 Ba8 42. Ne6 Qa7 43. Qf5+ Kg8 44.
Qf8+ Kh7 45. g5 hxg5 46. Nxg5+ Kh6 47. Kh4 1-0

[Event "World Championship Candidates (Women)"]
[Site "Toronto CAN"]
[Date "2024.04.17"]
[EventDate "2024.04.04"]
[Round "11.3"]
[Result "1-0"]
[White "Humpy Koneru"]
[Black "Nurgyul Salimova"]
[WhiteElo "2546"]
[BlackElo "2432"]
[PlyCount "180"]

1. d4 d5 2. c4 c6 3. Nf3 Nf6 4. e3 Bf5 5. Nc3 e6 6. Nh4 Bg6 7. Nxg6 hxg6 8.
Bd2 Nbd7 9. cxd5 exd5 10. Qc2 Qc7 11. h3 Be7 12. O-O-O O-O-O 13. Be2 Kb8
14. Kb1 Rc8 15. g4 g5 16. Qf5 Nb6 17. Qxg5 Ne4 18. Qf5 g6 19. Qf3 f5 20.
Qg2 Rcf8 21. Nxe4 fxe4 22. Rdf1 g5 23. f3 exf3 24. Rxf3 Rxf3 25. Qxf3 Rf8
26. Qg2 Bd6 27. Bd3 Nc4 28. Bc1 Re8 29. e4 Bf4 30. e5 Qb6 31. Bxf4 gxf4 32.
Qf2 Rd8 33. Rc1 Qb4 34. Bxc4 dxc4 35. Qxf4 c3 36. e6+ Kc8 37. Rxc3 Rxd4 38.
Qf5 Rd1+ 39. Kc2 Re1 40. Qd3 Qa4+ 41. Rb3 Rxe6 42. Qf5 Qc4+ 43. Rc3 Qe2+
44. Kb1 a5 45. a3 a4 46. g5 Kc7 47. g6 Re5 48. Qf7+ Kb6 49. Qc4 Qf2 50.
Qxa4 Rb5 51. Qc2 Qe1+ 52. Ka2 Qe6+ 53. Ka1 Qe1+ 54. Qb1 Qxb1+ 55. Kxb1 Rg5
56. h4 Rxg6 57. h5 Rh6 58. Rh3 Kc5 59. Kc2 Kd5 60. Kc3 Kc5 61. Rh1 b6 62.
Rh3 Kd5 63. a4 Kc5 64. Kb3 Kd5 65. Kb4 Kd4 66. b3 Kd5 67. Rh4 Ke5 68. Kc4
Kd6 69. Rh1 Ke5 70. Rh2 Kd6 71. Kd4 Ke6 72. Ke4 Kf6 73. Kf4 Kf7 74. Ke5
Re6+ 75. Kd4 Rh6 76. b4 Ke6 77. a5 bxa5 78. bxa5 Kd6 79. Ke4 Kc5 80. Kf5
Kb5 81. Kg5 Rh8 82. Ra2 Rg8+ 83. Kf6 Ka6 84. h6 c5 85. h7 Rc8 86. Rh2 Kxa5
87. h8=Q Rxh8 88. Rxh8 c4 89. Ke5 c3 90. Kd4 1-0

[Event "World Championship Candidates (Women)"]
[Site "Toronto CAN"]
[Date "2024.04.17"]
[EventDate "2024.04.04"]
[Round "11.4"]
[Result "1-0"]
[White "Rameshbabu Vaishali"]
[Black "Aleksandra Goryachkina"]
[WhiteElo "2475"]
[BlackElo "2553"]
[PlyCount "140"]

1. e4 c5 2. c3 Nf6 3. e5 Nd5 4. Bc4 Nb6 5. Bb3 Nc6 6. d4 cxd4 7. cxd4 d5 8.
Bc2 Nb4 9. Nc3 Bg4 10. Nge2 Bxe2 11. Qxe2 Nxc2+ 12. Qxc2 e6 13. Qd3 Rc8 14.
O-O a6 15. Qg3 g6 16. Bg5 Be7 17. Bh6 Bf8 18. Bg5 Be7 19. Bh6 Rc4 20. Rfd1
Bf8 21. Bg5 Qc7 22. Rac1 Bg7 23. b3 Rc6 24. Ne2 O-O 25. h4 Rc8 26. h5 Rc2
27. Qg4 Qd7 28. Rxc2 Rxc2 29. hxg6 fxg6 30. Nf4 Rc6 31. Rd3 Qf7 32. Qh4 Nd7
33. Rh3 Nf8 34. Be7 Qf5 35. Nd3 Rc3 36. Rf3 Qe4 37. Qh3 Rc6 38. Rf4 Qe2 39.
Bf6 h6 40. Bxg7 Kxg7 41. Rxf8 Kxf8 42. Qxh6+ Ke7 43. Qxg6 Qe4 44. Qg7+ Ke8
45. Qg8+ Ke7 46. Qg7+ Ke8 47. Qg8+ Ke7 48. Nc5 Qe1+ 49. Kh2 Qxf2 50. Qg5+
Ke8 51. Nxb7 Qxd4 52. Qg8+ Ke7 53. Qg5+ Ke8 54. Qd8+ Kf7 55. Qf6+ Ke8 56.
Qg6+ Ke7 57. Qh7+ Ke8 58. Qg8+ Ke7 59. Qg5+ Ke8 60. Nd6+ Rxd6 61. exd6 Qh8+
62. Kg3 Qc3+ 63. Kg4 Qb4+ 64. Qf4 d4 65. Qe5 d3+ 66. Kf3 Kf7 67. d7 Qb7+
68. Qe4 d2 69. d8=N+ Kf6 70. Nxb7 1-0